00889cam a22002657a 4500003000500000005001700005008004100022010001000063011001000073020001500083035001000098040000900108082001500117100004300132245014300175260006000318300002000378410003300398490002400431650004000455650003400495650003700529810003300566830002400599CHAP20220329142255.0000426d1998 mx a r 00010 spa d a80900 a81872 a9684963459 a92354 cCHAP04a628.1bS8300aSuárez Cortez, Blanca Estelaecoord.10aHistoria de los usos del agua en México : oligarquías, empresas y ayuntamientos (1840-1940)c/coord. por Blanca Estela Suárez Cortes aMéxico, D. F. :bComisión Nacional del Agua,c1998. a307 p. :bilus. aComisión Nacional del Agua 0aBiblioteca del agua14aAguaxAbastecimientoxMexico (Edo.)14aAguaxAbastecimientoxMexico.14aAguaxAbastecimientoxQueretaro.00aComisión Nacional del Agua00aBiblioteca del agua